| 000 | 01508nam a22003257a 4500 | ||
|---|---|---|---|
| 001 | TTS 0011 | ||
| 003 | gtcocun | ||
| 005 | 20260323175813.0 | ||
| 006 | a||||gr|||| 00| 0 | ||
| 007 | ta | ||
| 008 | 260323b2005 gt ||||| m||| 00| 0 eng d | ||
| 040 |
_agtcocun _bSPA _cgtcocun _eRDA |
||
| 041 | _aSPA TTS 0011 | ||
| 084 | _0TTS 0011 | ||
| 100 |
_aGonzalez Samayoa, Brenda Ninett _eAutor |
||
| 245 |
_aANALISIS DEL BENEFICIO EN EL CULTIVO Y COMERCIALIZACION DE BROCOLI Y EL DESARROLLO SOCIAL, EN SAN RAFAEL CHILASCO, SALAMÁ, BAJA VERAPAZ/. _cBrenda Ninett Gonzalez Samayoa. _hImpreso |
||
| 264 |
_aCobán, Alta Verapaz: _bUniversidad de San Carlos de Guatemala, Centro Universitario del Norte, Carrera de Trabajo Social _c2005 |
||
| 300 |
_a62 p.: _bIlustraciones, gráficas. _c28 cm; |
||
| 300 | _cPDF | ||
| 336 |
_2rdacontenido _aTexto _btxt |
||
| 337 |
_2rdamedio _aComputadora _bn |
||
| 338 |
_2rdasoporte _aCódigo en línea _bcr |
||
| 502 |
_aTesis de grado _bCarrera de Trabajo Social, _cUniversidad de San Carlos de Guatemala, Centro Universitario del Norte, Carrera de Trabajo Social _d2005 _oTTS 0011 _eTTS 0011 |
||
| 520 | 1 | 4 | _aEl estudiante no realizó el resumen. |
| 650 | 1 | 4 |
_2LEMB _aSalamá, Baja Verapaz _xTrabajo Social |
| 700 |
_aLic. Juan Aníbal Rojas Lorenzo _eAsesor |
||
| 856 |
_uhttps://drive.google.com/file/d/1tm1DA9FohLJgQCUkJ2GxfsDmgIyIPMCy/view _yPDF _zUn ejemplar en línea. |
||
| 942 |
_2ddc _cTES _iTTS 0011 _kClasificación _n0 _6TTS_0011_000000000000000 |
||
| 999 |
_c2736 _d2736 |
||